[Event "WSCC 50 Open 2017"]
[Site "?"]
[Date "2017.11.10"]
[Round "4"]
[White "Brendel, Oliver"]
[Black "Chapman, Terry P D"]
[Result "1-0"]
[WhiteElo "2334"]
[BlackElo "2196"]
[PlyCount "52"]
[EventDate "2017.??.??"]
[EventType "swiss"]
[EventCountry "ITA"]
[SourceTitle "Acqui Terme"]
[TimeControl "40/5400+30:1800+30"]
[WhiteClock "0:10:33"]
[BlackClock "0:02:29"]

1. c4 {[%emt 0:00:00]} Nf6 {[%emt 0:00:08]} 2. g3 {[%emt 0:00:00]} e6 {[%emt 0:00:13]} 3. Bg2 {[%emt 0:00:00]} d5 {[%emt 0:00:01]} 4. Nf3 {[%emt 0:00:14]} dxc4 {[%emt 0:00:07]} 5. Na3 {[%emt 0:00:54]} Bxa3 {[%emt 0:00:10]} 6. bxa3 {[%emt 0:00:08]} Nc6 {[%emt 0:00:20]} 7. Bb2 {[%emt 0:01:37]} O-O {[%emt 0:00:12]} 8. Rc1 {[%emt 0:05:08]} Qd6 {[%emt 0:12:57]} 9. Bxf6 gxf6 {[%emt 0:00:02]} 10. Rxc4 {[%emt 0:09:51]} e5 {[%emt 0:02:40]} 11. Qb1 f5 12. d3 {[%emt 0:21:36]} Be6 {[%emt 0:26:22]} 13. Rh4 {[%emt 0:02:48]} f6 {[%emt 0:02:16]} 14. O-O {[%emt 0:01:33]} Rab8 {[%emt 0:00:38]} 15. Qb2 {[%emt 0:13:09]} b6 {[%emt 0:12:56]} 16. Rc1 {[%emt 0:08:15]} Na5 {[%emt 0:01:05]} 17. Bh3 {[%emt 0:07:46]} c5 {[%emt 0:02:02]} 18. Rh5 {[%emt 0:05:10]} Bf7 {[%emt 0:12:23]} 19. Rh6 {[%emt 0:03:51]} Bg6 {[%emt 0:02:55]} 20. Nh4 {[%emt 0:00:36]} Kg7 {[%emt 0:01:23]} 21. Rh5 {[%emt 0:03:00]} Kg8 {[%emt 0:12:55]} 22. Nxf5 {[%emt 0:01:28]} Bxf5 {[%emt 0:00:40]} 23. Bxf5 {[%emt 0:00:00]} Rf7 {[%emt 0:00:15]} 24. Qd2 {[%emt 0:01:55]} Re8 {[%emt 0:04:42]} 25. Qh6 {[%emt 0:01:18]} Ree7 {[%emt 0:00:20]} 26. Rg5+ {[%emt 0:02:10]} Rg7 {[%emt 0:03:19]} 1-0

[Event "WSCC 50 Open 2017"]
[Site "?"]
[Date "2017.11.10"]
[Round "4"]
[White "Mantovani, Renzo"]
[Black "Grant, Jonathan I M"]
[Result "1/2-1/2"]
[WhiteElo "2307"]
[BlackElo "2179"]
[PlyCount "116"]
[EventDate "2017.??.??"]
[EventType "swiss"]
[EventCountry "ITA"]
[SourceTitle "Acqui Terme"]
[TimeControl "40/5400+30:1800+30"]
[WhiteClock "0:05:50"]
[BlackClock "0:02:56"]

1. d4 {[%emt 0:00:24]} Nf6 {[%emt 0:00:55]} 2. c4 {[%emt 0:00:16]} e6 {[%emt 0:00:14]} 3. Nf3 {[%emt 0:00:20]} Bb4+ {[%emt 0:00:49]} 4. Bd2 {[%emt 0:03:24]} a5 {[%emt 0:00:49]} 5. g3 {[%emt 0:01:44]} b6 {[%emt 0:00:17]} 6. Bg2 {[%emt 0:00:15]} Ba6 {[%emt 0:01:10]} 7. Qc2 {[%emt 0:02:11]} d5 {[%emt 0:04:14]} 8. Ne5 {[%emt 0:21:39]} O-O {[%emt 0:04:52]} 9. O-O {[%emt 0:04:29]} Ra7 {[%emt 0:02:13]} 10. Rd1 Bb7 {[%emt 0:19:38]} 11. cxd5 {[%emt 0:13:10]} exd5 {[%emt 0:00:55]} 12. Nc3 {[%emt 0:03:45]} c6 {[%emt 0:03:56]} 13. Rac1 {[%emt 0:02:03]} h6 {[%emt 0:05:42]} 14. Bf4 {[%emt 0:05:38]} Re8 {[%emt 0:02:47]} 15. Bf3 {[%emt 0:02:30]} Nbd7 {[%emt 0:08:22]} 16. a3 {[%emt 0:03:19]} Bf8 {[%emt 0:05:57]} 17. h4 {[%emt 0:00:45]} Nxe5 {[%emt 0:04:32]} 18. Bxe5 {[%emt 0:11:13]} Bd6 {[%emt 0:02:48]} 19. Bxd6 {[%emt 0:03:01]} Qxd6 {[%emt 0:00:02]} 20. e3 {[%emt 0:00:19]} Raa8 {[%emt 0:07:02]} 21. Kg2 {[%emt 0:02:26]} Re7 {[%emt 0:06:51]} 22. Na4 {[%emt 0:02:59]} Qd8 {[%emt 0:03:04]} 23. Qb3 {[%emt 0:00:57]} b5 {[%emt 0:01:29]} 24. Nc5 {[%emt 0:00:22]} a4 {[%emt 0:00:22]} 25. Nxb7 {[%emt 0:01:44]} Rxb7 {[%emt 0:00:24]} 26. Qb4 {[%emt 0:02:16]} Ra6 {[%emt 0:01:53]} 27. Rd2 {[%emt 0:00:33]} Qe7 {[%emt 0:01:08]} 28. Qxe7 {[%emt 0:04:30]} Rxe7 {[%emt 0:00:04]} 29. Rdc2 {[%emt 0:00:11]} Re6 {[%emt 0:00:42]} 30. Kf1 {[%emt 0:00:28]} h5 {[%emt 0:01:13]} 31. Ke2 {[%emt 0:00:20]} g6 {[%emt 0:01:35]} 32. Kd3 {[%emt 0:00:19]} Kf8 {[%emt 0:00:45]} 33. Bg2 {[%emt 0:01:30]} Ke7 {[%emt 0:04:34]} 34. Bh3 {[%emt 0:00:39]} Ng4 {[%emt 0:00:33]} 35. Bxg4 {[%emt 0:04:36]} hxg4 {[%emt 0:00:01]} 36. Rf1 {[%emt 0:00:57]} Ra8 {[%emt 0:02:48]} 37. f3 {[%emt 0:00:29]} gxf3 {[%emt 0:00:27]} 38. Rxf3 {[%emt 0:00:02]} Rh8 {[%emt 0:01:11]} 39. Rf4 {[%emt 0:01:08]} f5 {[%emt 0:00:49]} 40. Rh2 {[%emt 0:00:48]} Re4 {[%emt 0:31:27]} 41. Rxe4+ {[%emt 0:31:22]} dxe4+ {[%emt 0:00:53]} 42. Kc3 {[%emt 0:00:00]} Kd6 {[%emt 0:00:00]} 43. Rf2 {[%emt 0:00:00]} Rh7 {[%emt 0:00:00]} 44. Kb4 {[%emt 0:00:00]} Rh8 {[%emt 0:00:00]} 45. Rc2 {[%emt 0:00:00]} g5 {[%emt 0:00:00]} 46. Rc5 {[%emt 0:00:00]} gxh4 {[%emt 0:00:00]} 47. gxh4 {[%emt 0:00:00]} Rxh4 {[%emt 0:00:00]} 48. Rxf5 {[%emt 0:00:00]} Rh2 {[%emt 0:00:00]} 49. Rf6+ {[%emt 0:00:00]} Kc7 {[%emt 0:00:00]} 50. b3 {[%emt 0:00:16]} axb3 {[%emt 0:00:00]} 51. Kxb3 {[%emt 0:00:15]} Re2 {[%emt 0:00:00]} 52. Re6 {[%emt 0:01:15]} Rxe3+ {[%emt 0:00:00]} 53. Kb4 {[%emt 0:00:01]} Kd7 {[%emt 0:01:14]} 54. Re5 {[%emt 0:00:05]} Re1 {[%emt 0:01:06]} 55. a4 {[%emt 0:01:56]} e3 {[%emt 0:02:33]} 56. axb5 {[%emt 0:00:06]} e2 {[%emt 0:00:53]} 57. bxc6+ {[%emt 0:00:09]} Kxc6 {[%emt 0:00:57]} 58. Kc3 {[%emt 0:00:06]} Rc1+ {[%emt 0:00:24]} 1/2-1/2

[Event "WSCC 50 Open 2017"]
[Site "?"]
[Date "2017.11.10"]
[Round "4"]
[White "Bergstrom, Rolf"]
[Black "Kalegin, Evgenij"]
[Result "0-1"]
[WhiteElo "2270"]
[BlackElo "2426"]
[Annotator "TA"]
[PlyCount "103"]
[EventDate "2017.??.??"]
[EventType "swiss"]
[EventCountry "ITA"]
[SourceTitle "Acqui Terme"]

{[%evp 19,103,0,23,32,25,19,25,24,22,21,19,18,37,36,31,-10,38,50,112,0,0,0,0,0,0,0,0,-4,-5,-7,0,0,0,-37,-43,-98,-114,-103,-31,-25,-35,-145,-145,-138,-137,-145,-145,-140,-138,-129,-45,-139,-26,-99,-99,-99,-99,-106,-106,-106,-106,-107,-106,-106,0,-107,-107,-107,-107,-107,-107,-208,-208,-208,-208,-208,-208,-297,-297,-1021,-962,-1659,-1787,-744,-441,-1585]} 1. e4 c5 2. c3 Nf6 3. e5 Nd5 4. d4 cxd4 5. Nf3 e6 6. cxd4 d6 7. Bc4 Be7 8. O-O O-O 9. Qe2 Nc6 10. Rd1 Bd7 11. Bd2 {B22: Sicilian: 2 c3} Rc8 12. Nc3 Nxc3 13. Bxc3 {White has an edge.} dxe5 14. dxe5 Qc7 15. Bd3 Rfd8 16. h4 $146 ({Predecessor:} 16. Qe4 g6 17. Qf4 Be8 18. h4 Rd5 19. Be4 Rxd1+ 20. Rxd1 Rd8 {½-½ (20) Vega Chirino,L (2356)-Vera Gonzalez Quevedo,R (2500) Havana 2011}) 16... g6 17. a3 Bf8 18. h5 Bg7 ({Better is} 18... Ne7 $14) 19. Qe3 (19. Qe4 $16) 19... Ne7 $1 $11 {[%cal Bc6e7,Be7d5,Bd5c3][%mdl 32]} 20. hxg6 hxg6 21. Qxa7 {Strongly threatening Ba5.} Ra8 $1 {[%cal Ra8a7]} 22. Qe3 Nd5 23. Qe1 Nxc3 24. Rac1 Qb6 25. Qxc3 Bh6 26. Rb1 (26. Bxg6 $5 Ba4 27. Bxf7+ Kxf7 28. Qc7+ Qxc7 29. Rxc7+ Kg6 30. Rd4 $17) 26... Ba4 $36 {[%mdl 3072] Black has compensation. Black is more active.} 27. Re1 (27. b3 $15 Bc6 28. Qb4 Qxb4 29. axb4) 27... Rac8 $17 28. Bc4 Qc5 ({Black should play} 28... Qa7 $1 $17) 29. b3 b5 30. Re4 (30. bxa4 $15 bxc4 31. Rb5) 30... Bxb3 $1 ({But not} 30... bxc4 $2 31. Rxc4 Qf8 32. bxa4 $18) ({And not} 30... Qxa3 31. Ra1 $14) 31. Rxb3 bxc4 32. Rb4 {[%cal Rb4c4]} Rd1+ 33. Kh2 {[%cal Rb4c4]} Qxf2 34. Rbxc4 Rxc4 (34... Rcd8 $1 $17 {[%cal Rd8d3]} 35. Rcd4 R1xd4 36. Rxd4 Ra8) 35. Rxc4 (35. Qxc4 $15 Kg7 36. a4) 35... Rc1 (35... Kg7 $1 $17 {Hoping for ...Rd8.} 36. Re4 Bc1) 36. Qd3 (36. Qd4 $11 {keeps the balance.} Qxd4 37. Rxd4) 36... Rxc4 37. Qxc4 Qe3 $1 38. Kg3 Qxa3 39. Qh4 Qf8 40. Qf6 Bg7 41. Qg5 Bh6 42. Qf6 Qc8 43. Kh3 Qd7 44. Kg3 Qd3 45. Qh4 (45. Kh3 $17) 45... Be3 $1 $19 46. Qf6 {[#]} Qf5 $1 47. Qxf5 exf5 48. Kh4 {[#]} (48. Nh4 {keeps fighting.}) 48... Kf8 $1 49. g4 $2 (49. Kg3) 49... fxg4 {Black is clearly winning.} 50. Nh2 Bf4 51. Nxg4 Ke7 52. e6 {Precision: White = 46%, Black = 54%.} (52. Nf2 $142) 0-1

[Event "WSCC 50 Open 2017"]
[Site "?"]
[Date "2017.11.10"]
[Round "4"]
[White "Tofan, Ibrahim"]
[Black "Certek, Pavel"]
[Result "0-1"]
[WhiteElo "2235"]
[BlackElo "2295"]
[PlyCount "121"]
[EventDate "2017.??.??"]
[EventType "swiss"]
[EventCountry "ITA"]
[SourceTitle "Acqui Terme"]
[TimeControl "40/5400+30:1800+30"]
[WhiteClock "0:01:01"]
[BlackClock "0:12:55"]

1. e4 {[%emt 0:00:00]} c5 {[%emt 0:04:56]} 2. b3 {[%emt 0:00:00]} g6 {[%emt 0:01:58]} 3. Bb2 {[%emt 0:00:09]} Nf6 {[%emt 0:00:04]} 4. g3 {[%emt 0:00:51]} Bg7 {[%emt 0:05:21]} 5. Bg2 {[%emt 0:01:33]} d6 {[%emt 0:01:32]} 6. Ne2 {[%emt 0:00:15]} Nc6 {[%emt 0:00:36]} 7. O-O {[%emt 0:00:11]} Bd7 {[%emt 0:00:51]} 8. d4 {[%emt 0:02:17]} cxd4 {[%emt 0:03:13]} 9. Nxd4 {[%emt 0:00:01]} O-O {[%emt 0:01:39]} 10. c4 {[%emt 0:00:18]} Nxd4 11. Bxd4 {[%emt 0:00:02]} Bc6 {[%emt 0:03:23]} 12. Nc3 {[%emt 0:00:42]} Qa5 {[%emt 0:02:17]} 13. Nd5 {[%emt 0:10:58]} Bxd5 {[%emt 0:00:30]} 14. exd5 {[%emt 0:00:30]} Nd7 {[%emt 0:00:30]} 15. Bxg7 {[%emt 0:00:30]} Kxg7 {[%emt 0:00:30]} 16. Re1 {[%emt 0:00:30]} Rfe8 {[%emt 0:00:30]} 17. Qd4+ {[%emt 0:00:30]} Nf6 {[%emt 0:00:30]} 18. Re2 {[%emt 0:00:30]} b5 {[%emt 0:00:30]} 19. cxb5 {[%emt 0:00:30]} Qxb5 {[%emt 0:00:30]} 20. Rae1 {[%emt 0:00:30]} Qb6 {[%emt 0:00:30]} 21. Qf4 {[%emt 0:00:30]} Ng8 {[%emt 0:00:30]} 22. h4 {[%emt 0:00:30]} a5 {[%emt 0:00:30]} 23. h5 {[%emt 0:00:30]} Qb4 {[%emt 0:00:30]} 24. Re4 {[%emt 0:00:30]} Qc3 {[%emt 0:00:30]} 25. R1e3 {[%emt 0:00:30]} Qb2 {[%emt 0:00:30]} 26. Re2 {[%emt 0:00:30]} Qc3 {[%emt 0:00:30]} 27. Re1 {[%emt 0:09:42]} Qb2 {[%emt 0:21:59]} 28. R4e2 {[%emt 0:10:17]} Qc3 {[%emt 0:01:17]} 29. Bh3 {[%emt 0:01:24]} Ra7 {[%emt 0:01:43]} 30. Rc1 {[%emt 0:03:15]} Qf6 {[%emt 0:00:59]} 31. Qe3 {[%emt 0:02:54]} Rb7 {[%emt 0:00:49]} 32. Rc4 {[%emt 0:01:03]} Rb4 {[%emt 0:00:28]} 33. Bd7 {[%emt 0:04:40]} Reb8 {[%emt 0:03:33]} 34. Rc7 {[%emt 0:01:34]} R8b7 {[%emt 0:02:06]} 35. Rxb7 {[%emt 0:00:11]} Rxb7 {[%emt 0:00:01]} 36. Bc6 {[%emt 0:00:57]} Rb4 {[%emt 0:02:02]} 37. Kg2 {[%emt 0:01:33]} Qd4 {[%emt 0:02:47]} 38. a3 {[%emt 0:02:25]} Qxe3 {[%emt 0:00:23]} 39. Rxe3 {[%emt 0:00:25]} Rb6 {[%emt 0:00:54]} 40. hxg6 {[%emt 0:00:16]} hxg6 {[%emt 0:30:11]} 41. Rc3 {[%emt 0:37:36]} e6 {[%emt 0:02:18]} 42. Kf3 {[%emt 0:07:11]} Ne7 {[%emt 0:01:17]} 43. Ke4 {[%emt 0:05:57]} f5+ {[%emt 0:05:53]} 44. Kd4 {[%emt 0:01:02]} e5+ {[%emt 0:00:38]} 45. Kd3 {[%emt 0:00:23]} Kf6 {[%emt 0:00:17]} 46. f4 {[%emt 0:02:12]} g5 {[%emt 0:01:30]} 47. Ke3 {[%emt 0:04:07]} Rb8 {[%emt 0:01:10]} 48. Kf3 {[%emt 0:05:37]} gxf4 {[%emt 0:09:02]} 49. gxf4 {[%emt 0:00:03]} Rc8 {[%emt 0:01:36]} 50. Rc4 {[%emt 0:00:59]} Ng6 {[%emt 0:01:03]} 51. b4 {[%emt 0:03:02]} axb4 {[%emt 0:00:42]} 52. Rxb4 {[%emt 0:00:55]} Nxf4 {[%emt 0:01:41]} 53. a4 {[%emt 0:00:32]} Rh8 {[%emt 0:02:18]} 54. a5 {[%emt 0:11:32]} Rh3+ {[%emt 0:01:25]} 55. Kf2 {[%emt 0:00:00]} Ra3 {[%emt 0:01:21]} 56. Ra4 {[%emt 0:01:15]} Rxa4 {[%emt 0:01:09]} 57. Bxa4 {[%emt 0:00:02]} Nxd5 {[%emt 0:00:16]} 58. a6 {[%emt 0:00:10]} Nc7 {[%emt 0:00:59]} 59. a7 {[%emt 0:00:03]} e4 {[%emt 0:00:41]} 60. Ke2 {[%emt 0:02:23]} Ke5 {[%emt 0:00:17]} 61. Kd2 {[%emt 0:00:05]} 0-1

[Event "WSCC 50 Open 2017"]
[Site "?"]
[Date "2017.11.10"]
[Round "4"]
[White "Koehler, Gerhard"]
[Black "Petran, Peter"]
[Result "1-0"]
[WhiteElo "2207"]
[BlackElo "2330"]
[PlyCount "161"]
[EventDate "2017.??.??"]
[EventType "swiss"]
[EventCountry "ITA"]
[SourceTitle "Acqui Terme"]
[TimeControl "40/5400+30:1800+30"]
[WhiteClock "0:04:39"]
[BlackClock "0:01:11"]

1. c4 {[%emt 0:00:00]} g6 {[%emt 0:00:26]} 2. Nc3 {[%emt 0:00:00]} Bg7 {[%emt 0:00:11]} 3. d4 {[%emt 0:00:14]} c5 {[%emt 0:00:20]} 4. e3 {[%emt 0:00:27]} cxd4 {[%emt 0:01:20]} 5. exd4 {[%emt 0:00:19]} Nf6 {[%emt 0:00:05]} 6. Nf3 {[%emt 0:06:39]} O-O {[%emt 0:01:06]} 7. Bg5 {[%emt 0:03:23]} h6 {[%emt 0:02:17]} 8. Bf4 {[%emt 0:02:01]} d5 {[%emt 0:02:12]} 9. Qd2 {[%emt 0:02:06]} Kh7 {[%emt 0:00:32]} 10. Bd3 {[%emt 0:04:15]} Nc6 {[%emt 0:00:51]} 11. O-O {[%emt 0:09:56]} Bg4 {[%emt 0:08:11]} 12. Ne5 {[%emt 0:04:36]} dxc4 13. Nxc6 {[%emt 0:04:13]} bxc6 {[%emt 0:02:52]} 14. Bxc4 Nd7 {[%emt 0:11:38]} 15. h3 {[%emt 0:06:00]} Nb6 {[%emt 0:00:38]} 16. Bb3 {[%emt 0:00:32]} Bf5 {[%emt 0:04:17]} 17. Rad1 {[%emt 0:03:22]} Qd7 {[%emt 0:06:12]} 18. Be5 {[%emt 0:02:27]} Rad8 {[%emt 0:02:40]} 19. Qe2 {[%emt 0:05:55]} Nd5 {[%emt 0:06:24]} 20. Rfe1 {[%emt 0:08:00]} Rfe8 {[%emt 0:03:50]} 21. Nxd5 {[%emt 0:07:29]} cxd5 {[%emt 0:01:01]} 22. Bxg7 {[%emt 0:00:24]} Kxg7 {[%emt 0:00:07]} 23. Qa6 {[%emt 0:01:05]} Qc7 {[%emt 0:06:12]} 24. Rc1 {[%emt 0:03:00]} Qb8 {[%emt 0:00:35]} 25. Qa5 {[%emt 0:02:29]} e6 {[%emt 0:06:31]} 26. Rc5 {[%emt 0:04:56]} Qf4 {[%emt 0:10:27]} 27. Rd1 {[%emt 0:04:00]} Be4 {[%emt 0:03:07]} 28. Qd2 {[%emt 0:01:05]} Qb8 {[%emt 0:03:20]} 29. f3 {[%emt 0:02:07]} Bxf3 {[%emt 0:02:17]} 30. gxf3 {[%emt 0:02:01]} Rc8 {[%emt 0:00:33]} 31. Qh2 {[%emt 0:01:27]} Qb4 {[%emt 0:05:05]} 32. Qe5+ {[%emt 0:04:10]} Kg8 {[%emt 0:00:51]} 33. Qe3 {[%emt 0:00:25]} Rxc5 {[%emt 0:01:05]} 34. dxc5 {[%emt 0:00:19]} Rc8 {[%emt 0:00:13]} 35. Rc1 {[%emt 0:02:40]} d4 {[%emt 0:03:56]} 36. Qe5 {[%emt 0:00:42]} d3 {[%emt 0:01:02]} 37. Qe3 {[%emt 0:03:12]} d2 {[%emt 0:01:29]} 38. Rd1 {[%emt 0:00:49]} Rxc5 {[%emt 0:00:43]} 39. Rxd2 {[%emt 0:00:21]} Kh7 {[%emt 0:04:31]} 40. Kh2 {[%emt 0:01:00]} Qb8+ {[%emt 0:30:35]} 41. f4 {[%emt 0:02:36]} Rf5 {[%emt 0:00:00]} 42. Rf2 {[%emt 0:01:08]} a5 {[%emt 0:00:00]} 43. Bc2 {[%emt 0:01:56]} Rb5 {[%emt 0:00:00]} 44. b3 {[%emt 0:00:44]} Qc7 {[%emt 0:00:00]} 45. Be4 {[%emt 0:03:25]} Rc5 {[%emt 0:00:00]} 46. Qd4 {[%emt 0:00:53]} f5 {[%emt 0:00:00]} 47. Bg2 {[%emt 0:02:47]} e5 {[%emt 0:00:00]} 48. fxe5 {[%emt 0:00:52]} Rxe5 {[%emt 0:00:00]} 49. Kg1 {[%emt 0:02:02]} h5 {[%emt 0:00:00]} 50. Qf4 {[%emt 0:03:01]} Qc5 {[%emt 0:00:00]} 51. Kh2 {[%emt 0:02:15]} Re1 {[%emt 0:00:00]} 52. Rf1 {[%emt 0:02:53]} Re7 {[%emt 0:00:00]} 53. Rc1 {[%emt 0:00:28]} Qa3 {[%emt 0:00:00]} 54. Rc8 {[%emt 0:02:23]} Qb2 {[%emt 0:00:00]} 55. Rc7 {[%emt 0:00:59]} Qg7 {[%emt 0:00:00]} 56. Rc5 {[%emt 0:00:44]} Re2 {[%emt 0:00:00]} 57. Rc7 {[%emt 0:03:06]} Re7 {[%emt 0:00:00]} 58. Rc2 {[%emt 0:00:18]} Qf6 {[%emt 0:00:00]} 59. Rd2 {[%emt 0:01:14]} g5 {[%emt 0:00:00]} 60. Qd4 {[%emt 0:00:42]} Qxd4 {[%emt 0:03:27]} 61. Rxd4 {[%emt 0:00:01]} Re2 {[%emt 0:00:21]} 62. Ra4 {[%emt 0:01:29]} Re5 {[%emt 0:02:35]} 63. h4 {[%emt 0:01:14]} Kg6 {[%emt 0:00:42]} 64. hxg5 {[%emt 0:00:29]} Kxg5 {[%emt 0:00:01]} 65. Kg3 {[%emt 0:00:21]} Rc5 {[%emt 0:00:42]} 66. Rc4 {[%emt 0:00:56]} Re5 {[%emt 0:00:14]} 67. Kf3 {[%emt 0:00:24]} Rd5 {[%emt 0:01:22]} 68. Kg3 {[%emt 0:01:26]} Rd3+ {[%emt 0:00:37]} 69. Kh2 {[%emt 0:01:29]} Rd2 {[%emt 0:01:23]} 70. Ra4 {[%emt 0:00:13]} f4 {[%emt 0:00:21]} 71. Rxa5+ {[%emt 0:00:22]} Kg4 {[%emt 0:00:02]} 72. Kg1 {[%emt 0:00:52]} f3 {[%emt 0:01:00]} 73. Bf1 {[%emt 0:00:14]} h4 {[%emt 0:00:27]} 74. Ra8 {[%emt 0:00:18]} f2+ {[%emt 0:01:05]} 75. Kh2 {[%emt 0:00:52]} Rb2 {[%emt 0:00:32]} 76. a4 {[%emt 0:01:03]} Rxb3 {[%emt 0:00:49]} 77. a5 {[%emt 0:00:20]} Rb1 {[%emt 0:02:02]} 78. Bh3+ {[%emt 0:00:35]} Kh5 {[%emt 0:00:15]} 79. a6 {[%emt 0:00:21]} f1=Q {[%emt 0:01:36]} 80. Bxf1 {[%emt 0:00:06]} Rxf1 {[%emt 0:00:04]} 81. a7 {[%emt 0:00:14]} 1-0

[Event "WSCC 50 Open 2017"]
[Site "?"]
[Date "2017.11.10"]
[Round "4"]
[White "Van den Bersselaar, Jeroen"]
[Black "Welling, Gerard"]
[Result "1/2-1/2"]
[WhiteElo "2189"]
[BlackElo "2316"]
[PlyCount "65"]
[EventDate "2017.??.??"]
[EventType "swiss"]
[EventCountry "ITA"]
[SourceTitle "Acqui Terme"]
[TimeControl "40/5400+30:1800+30"]

1. d4 d5 2. Nf3 Nf6 3. c4 c6 4. Nbd2 e6 5. g3 Be7 6. Bg2 O-O 7. O-O Nbd7 8. Qc2 b6 9. e4 Bb7 10. e5 Ne8 11. Re1 Nc7 12. b3 c5 13. a4 a5 14. Ba3 Na6 15. Rad1 Nb4 16. Qb1 Qc7 17. Bb2 Rac8 18. h4 Rfd8 19. Kh2 cxd4 20. Bxd4 dxc4 21. Nxc4 Bd5 22. Ne3 Bxf3 23. Bxf3 Bc5 24. Nc4 Nf8 25. Bxc5 Qxc5 26. Kg2 Nd5 27. Rd3 Qb4 28. Nd6 Rc3 29. Re4 Qa3 30. Re1 Qb4 31. Re4 Qa3 32. Re1 Qb4 33. Re4 1/2-1/2

[Event "WSCC 50 Open 2017"]
[Site "?"]
[Date "2017.11.11"]
[Round "5"]
[White "Granda Zuniga, Julio E"]
[Black "Sturua, Zurab"]
[Result "1/2-1/2"]
[WhiteElo "2650"]
[BlackElo "2536"]
[Annotator "TA"]
[PlyCount "125"]
[EventDate "2017.??.??"]
[EventType "swiss"]
[EventCountry "ITA"]
[SourceTitle "Acqui Terme"]

{[%evp 16,125,0,0,0,-12,-4,-12,-12,-12,0,-9,-11,-20,-25,-29,-13,-25,-35,-33,-13,-13,-13,-8,-13,-8,0,0,0,-22,0,0,0,0,0,0,0,0,0,0,0,-7,0,0,0,0,0,0,0,0,0,0,0,0,0,0,0,0,0,0,0,-3,0,0,0,0,0,0,42,0,0,-7,0,0,0,0,0,0,0,0,0,0,0,0,0,0,0,-7,-7,-7,-7,-18,-7,-7,-7,-7,-7,-7,0,-7,-7,-7,0,-23,0,-7,0,-20,0,-11,0,-8]} 1. c4 e6 2. Nc3 d5 3. cxd5 exd5 4. d4 c6 5. Bf4 Bd6 6. Bg3 Ne7 7. e3 {D31: Queen's Gambit Declined: Semi-Slav without ...Nf6 (+ Marshall Gambit and Noteboom) and Exchange Variation lines without ...Nf6} O-O (7... Nf5 8. Bxd6 Nxd6 9. Bd3 Bf5 10. Bxf5 Nxf5 11. Qg4 g6 12. e4 dxe4 13. Qxe4+ Ne7 14. h4 O-O {½-½ (43) Andreikin,D (2736)-Harikrishna,P (2766) Wijk aan Zee 2017}) 8. Bd3 Bf5 9. Nge2 {LiveBook: 5 Games} Re8 10. Nf4 $146 ({Predecessor:} 10. Rb1 a5 11. a3 Bg6 12. Bxg6 hxg6 13. h4 Nf5 14. Bxd6 Nxd6 {1-0 (35) Vonthron,H (2331)-Friedrich,N (2299) Baden 2012}) 10... a5 11. Qc2 Bxd3 12. Nxd3 Na6 13. a3 Nf5 14. O-O Bxg3 15. hxg3 Nd6 16. g4 Nc7 17. Rae1 Ncb5 18. Nxb5 Nxb5 19. g3 Nd6 20. Kg2 h6 21. Rh1 Qe7 22. Ne5 f6 23. Qg6 {[#] Threatens to win with Rxh6.} Nf7 (23... Kf8 {seems wilder.} 24. Nd3 a4 25. f3 Qf7 26. Qh7 Ke7) 24. Nxf7 Qxf7 25. Qxf7+ Kxf7 $11 {[%mdl 4096] Endgame KRR-KRR} 26. b3 Ke7 27. Rc1 Kd6 28. Kh3 Re4 29. Rc3 Rh8 30. Rhc1 Re7 31. Rc5 Ra8 $1 32. Kh4 Ke6 33. R1c2 Ra6 34. Rb2 Re8 35. Rbc2 Rea8 36. Kh3 Kd6 37. Kg2 Rc8 38. Kf3 Rca8 (38... b6 $5 39. R5c3 $8 Ra7 $11) 39. Kf4 Ke6 40. Kf3 Rb6 41. R2c3 Ra7 42. Ke2 Ra8 43. f3 Kd6 44. e4 dxe4 45. fxe4 Re8 46. Kf3 Ra6 47. Kf4 Re6 48. Rd3 Ra8 49. Rc4 Kc7 50. d5 Rd6 51. Kf5 Re8 52. Kf4 Re5 53. Rc5 Kb6 54. b4 axb4 55. axb4 Rd8 56. Rd4 Ra8 57. Rd3 Rae8 58. Rd4 Ra8 59. Ra5 Rae8 60. Rc5 {The position is equal.} Ra8 61. Ra5 Rae8 62. Rc5 Ra8 63. Ra5 {Precision: White = 73%, Black = 52%.} 1/2-1/2

[Event "WSCC 50 Open 2017"]
[Site "?"]
[Date "2017.11.11"]
[Round "5"]
[White "Kalegin, Evgenij"]
[Black "Bagaturov, Giorgi"]
[Result "1/2-1/2"]
[WhiteElo "2426"]
[BlackElo "2399"]
[Annotator "TA"]
[PlyCount "59"]
[EventDate "2017.??.??"]
[EventType "swiss"]
[EventCountry "ITA"]
[SourceTitle "Acqui Terme"]

{[%evp 9,59,8,7,7,14,13,20,15,35,37,37,37,37,37,25,31,37,33,36,37,29,30,39,33,85,96,85,80,120,120,106,75,105,70,81,73,90,82,66,65,68,74,54,82,84,60,62,10,10,0,0,0]} 1. e4 c5 2. Nf3 e6 3. g3 Nc6 4. Bg2 Nf6 5. Qe2 d5 (5... d6 6. O-O Be7 7. e5 dxe5 8. Nxe5 Nxe5 9. Qxe5 O-O 10. Nc3 Bd6 11. Qe2 a6 12. d3 Rb8 13. a4 b6 14. Rd1 e5 {1-0 (34) Artemiev,V (2692)-Grachev,B (2654) Sochi 2017}) 6. exd5 {B40: Sicilian: 2...e6, Unusual lines} Nxd5 7. O-O Be7 8. Rd1 {[%cal Bf1d1,Bd1d4,Bd4f4,Bf4c4,Bc4c5,Bc5b5][%mdl 32]} Bf6 9. Nc3 O-O 10. Ne4 Be7 11. d4 cxd4 12. Nxd4 Nxd4 13. Rxd4 Nf4 $146 14. Nf6+ $1 Bxf6 15. Rxf4 a5 16. Be3 e5 (16... Bxb2 $14 17. Rb1 Bf6) 17. Rc4 $36 {[%mdl 2048] White is on the roll.} Be6 18. Rc5 Qe7 19. Rb5 {Hoping for Bc5.} Rfb8 20. Bc5 Qd7 21. Rd1 Qc8 22. Qe3 Bc4 23. Rb6 Bd8 24. Rbd6 Be7 25. Ba7 Bxd6 26. Rxd6 Bxa2 27. Bxb8 Rxb8 28. Qxe5 (28. Qa7 $14) 28... Qxc2 $11 29. Qxa5 {[#] White wants to mate with Rd8+.} Qb1+ 30. Bf1 {Precision: White = 69%, Black = 64%.} 1/2-1/2

[Event "WSCC 50 Open 2017"]
[Site "?"]
[Date "2017.11.11"]
[Round "5"]
[White "Reprintsev, Alexander"]
[Black "Vaglio Munoz, Jaime"]
[Result "1-0"]
[WhiteElo "2361"]
[BlackElo "2170"]
[PlyCount "53"]
[EventDate "2017.??.??"]
[EventType "swiss"]
[EventCountry "ITA"]
[SourceTitle "Acqui Terme"]
[TimeControl "40/5400+30:1800+30"]
[WhiteClock "1:00:54"]
[BlackClock "0:26:55"]

1. e4 {[%emt 0:04:02]} c6 {[%emt 0:00:04]} 2. b3 {[%emt 0:00:12]} Qa5 {[%emt 0:00:45]} 3. Bb2 {[%emt 0:00:33]} Nf6 {[%emt 0:00:07]} 4. e5 {[%emt 0:00:26]} Ng8 {[%emt 0:01:32]} 5. Nf3 {[%emt 0:00:25]} d5 {[%emt 0:00:07]} 6. exd6 {[%emt 0:01:44]} exd6 {[%emt 0:00:11]} 7. Bd3 {[%emt 0:00:25]} Be6 {[%emt 0:00:55]} 8. O-O {[%emt 0:00:12]} Nd7 {[%emt 0:00:10]} 9. Nd4 {[%emt 0:00:51]} O-O-O {[%emt 0:10:14]} 10. Re1 {[%emt 0:00:18]} Ngf6 {[%emt 0:02:47]} 11. Nxe6 {[%emt 0:01:18]} fxe6 {[%emt 0:00:10]} 12. Rxe6 {[%emt 0:00:35]} Qg5 {[%emt 0:00:53]} 13. Qf3 {[%emt 0:05:30]} d5 {[%emt 0:04:53]} 14. Qg3 {[%emt 0:00:53]} Qxg3 {[%emt 0:01:00]} 15. hxg3 {[%emt 0:00:02]} Bc5 {[%emt 0:01:06]} 16. Nc3 {[%emt 0:01:23]} Kc7 {[%emt 0:06:40]} 17. Rae1 {[%emt 0:05:39]} h5 {[%emt 0:00:39]} 18. Na4 {[%emt 0:01:31]} Bd6 {[%emt 0:05:02]} 19. Bf5 {[%emt 0:01:02]} b5 {[%emt 0:04:20]} 20. Nc3 {[%emt 0:00:08]} h4 {[%emt 0:21:30]} 21. g4 {[%emt 0:00:17]} g6 {[%emt 0:00:25]} 22. Bxg6 {[%emt 0:05:47]} Rhg8 {[%emt 0:03:33]} 23. Nxb5+ {[%emt 0:02:14]} cxb5 {[%emt 0:00:11]} 24. Bxf6 {[%emt 0:00:01]} Rdf8 {[%emt 0:04:53]} 25. Bxh4 {[%emt 0:04:15]} Rc8 {[%emt 0:04:09]} 26. Bf5 {[%emt 0:02:23]} Rh8 {[%emt 0:00:19]} 27. Rxd6 1-0